000 00935nam a2200253 i 4500
003 DO-SdBNP
005 20230627103905.0
007 ta
008 230627b2023 dr ac||| |||| 00| 0 spa d
020 _a9789945165455
040 _aDO-SdBNP
_bspa
_cBNPHU
_erda
082 4 _222
100 _93236
_aSosa Sosa, Diego A.,
_d1966
_eautor
245 1 0 _aVentas-negociación, retórica-oratoria y lenguaje de cuerpo :
_btodo lo que un vendedor o negociador necesita para ser un experto, hablar, presentar y convencer con retórica y manejar como lengua materna el lenguaje del cuerpo /
_cDiego A. Sosa Sosa
250 _a5a ed.
264 _aSanto Domingo :
_bBúho,
_c2023.
300 _a240 páginas :
_bilustraciones, retratos ;
_c23 cm.
336 _2rdacontent
_atexto
_btxt
337 _2rdamedia
_asin mediacióm
_bn
338 _2rdacarrier
_avolumen
_bnc
590 _aInventariado, 2023/BT
910 _aBtavárez
942 _2ddc
_cLBS1
999 _c53968
_d53968